LEADER 01185nam a2200265 a 4500 001 000000158899 003 CaOOAMICUS 005 20170215164926.0 008 170215s1956 ne m 001 u lat r 032 $aLibriCat 040 $aPUL$bita 100 1 $aRijk, Antonius de.$0(OLS)http://pul/name/101511 245 10$aDe cognitione immediata motivorum fidei Divinae in schola Lugoniana / $cAntonius de Rijk. 260 $aSteyl :$b[s.n.],$c1956. 300 $a75 p. ;$c23 cm. 502 $aEstratto di Tesi -- Pontificia Universitą Gregoriana. Facultas Theologiae .1955. 504 $aBibliografia in nota a pič pagina. 650 04$aFede$xTeologia.$0(OLS)http://pul/subject/40413 710 2 $aPontificia Universitą Gregoriana.$bFacoltą di teologia.$kTesi.$0(OLS)http://pul/name/81592 850 $aPUL 852 $aPUL$W1$xDP1 Tesi Pon. Univ. Gregoriana$y40$mTH PUG 889$j182204$qTesi$B185391$CPULBib$Z2$F185391 $H18789 $82 941 1 $a16 996 $6245$aDe cognitione immediata motivorum fidei Divinae in schola Lugoniana / $9(OLS)http://pul/title/198504 996 $6260$aSteyl :$b[s.n.]$9(OLS)http://pul/publisher/86080 LEADER 01662namaa2200385 i 4500 001 000000177715 003 CaOOAMICUS 005 20250502092128.0 007 tu 008 250502s2021 it 000 u ita r 020 $a978-88-311-0199-8* 040 $aPUL$bita$erda 082 0 $a330.1 100 1 $aBruni, Luigino,$d1966-,$eautore.$0(OLS)http://pul/name/43634 245 10$aLezioni di storia del pensiero economico :$bun percorso dall'antichitą al Novecento /$cLuigino Bruni, Paolo Santori, Stefano Zamagni. 264 4$c©2021. 264 1$aRoma :$bCittą Nuova,$c[2021] 300 $a357 pagine ;$c23 cm 336 $atesto$btxt$2rdacontent 337 $asenza mediazione$bn$2rdamedia 338 $avolume$bnc$2rdacarrier 490 1 $aIdee. Economia ;$v12 504 $aBibliografia in nota a pič pagina. 700 1 $aSantori, Paolo,$d1991-$0(OLS)http://pul/name/114340 700 1 $aZamagni, Stefano,$d1943-,$eautore.$0(OLS)http://pul/name/42265 830 0$aIdee.$pEconomia ;$v12.$0(OLS)http://pul/title/143884 850 $aPUL 852 $aPUL$W1$xSL Diritto e Scienze Sociali 3$y79$m330. 1 BRULU 2$j201650$qDDC 21$B206692$CPULBib$Z2$F206692 $H137811 $82 941 1 $a9 996 $6020$a978-88-311-0199-8*$9(OLS)http://pul/number/170322 996 $6082$a330.1$9(OLS)http://pul/classification/498 996 $6245$aLezioni di storia del pensiero economico :$bun percorso dall'antichitą al Novecento$9(OLS)http://pul/title/219249 996 $6264$aRoma :$bCittą Nuova$9(OLS)http://pul/publisher/47927 996 $6264$a[S.l.] :$b[s.n.]$9(OLS)http://pul/publisher/0